Death wish love Benson Boone quiz - Statistics

General Stats
  • This quiz has been taken 22 times
  • The average score is 3 of 9
Answer Stats
Question Answer % Correct
What movie is Death Wish Love in. Twisters
100%
What is the last word of Death Wish Love Get
46%
How long is Death Wish Love 3:44
38%
What is the first word of Death Wish Love One
31%
How many chorus and pre-chorus are there in Death Wish Love 5
23%
How long did it take benson to write Death Wish Love About two weeks
23%
When was Death Wish Love released July 19
23%
True or False Benson Boone made the song Death Wish Love for the movie Twisters. False
15%
Who produced the movie that this song was in Frank Marshal and Patrick Crowley
15%
No matching quizzes found
Score Distribution
Percent of People with Each Score
Percentile by Number Answered
Your Score History
You have not taken this quiz